| 000 | 00924cam a2200277 a 4500 | ||
|---|---|---|---|
| 001 | 6013 | ||
| 003 | FISKH | ||
| 005 | 20250225094331.0 | ||
| 008 | 731023s1962 nyu j 000 1 eng | ||
| 010 | _a 62007203 | ||
| 020 |
_a9780312367541 _c$11.00 |
||
| 040 |
_aDLC _cDLC _dDLC _beng |
||
| 050 | _aPZ7.L5385 | ||
| 082 | _a813.54 | ||
| 100 | 1 | _aL'Engle, Madeleine. | |
| 245 | 1 | 2 |
_aA wrinkle in time / _cMadeleine L'Engle. |
| 250 | _aThis edition published in 2007 | ||
| 260 |
_aNew York : _bSquare Fish, _c1962 |
||
| 300 |
_a245 pages : _c20 cm |
||
| 500 | _a"Newbery Award, 1962." | ||
| 520 | _aMeg Murry and her friends become involved with unearthly strangers and a search for Meg's father, who has disappeared while engaged in secret work for the government. | ||
| 655 | 7 |
_aJuvenile literature _y1962. _2rbgenr |
|
| 906 |
_a7 _bcbc _corignew _du _eocip _f19 _gy-gencatlg |
||
| 942 |
_2ddc _cBK _n0 |
||
| 999 |
_c6013 _d6013 |
||